Futurama Episodes - Statistics

General Stats
  • This quiz has been taken 93 times
  • The average score is 42 of 140
Answer Stats
TV Broadcast Episode Name % Correct
1 Space pilot 3000
74%
2 The Series has Landed
73%
73 | 74 | 75 | 76 Bender‘s Big Score
68%
77 | 78 | 79 | 80 The Beast with a Billion Backs
60%
81 | 82 | 83 | 84 Bender‘s Game
55%
85 | 86 | 87 | 88 Into the Wild Green Yonder
53%
3 I, Roommate
53%
33 Amazon Women in the Mood
50%
61 Jurassic Bark
48%
11 Mars University
48%
72 The Devil‘s hands are Idle Playthings
47%
9 Hell Is Other Robots
45%
36 The Luck of the Fryrish
45%
15 Brannigan, Begin Again
44%
5 Fear of a Bot Planet
44%
13 Fry and the Slurm Factory
44%
29 Anthology of Interest I
42%
24 How Hermes Requisitioned His Groove Back
42%
140 Meanwhile
42%
18 Why Must I Be a Crustacean in Love?
42%
63 Teenage Mutant Leela‘s Hurdles
40%
50 Anthology of Interest II
39%
89 Rebirth
39%
51 Roswell That Ends Well
39%
16 A Head in the Polls
37%
67 Bend Her
37%
7 My Three Suns
37%
31 The Honking
37%
64 The Why of Fry
37%
30 War is the H-Word
37%
26 Bender Gets Made
35%
56 Leela‘s Homeworld
35%
4 Love‘s Labours Lost in Space
35%
25 The Deep South
35%
28 The Problem with Popplers
35%
17 Xmas Story
35%
10 A Flight to Remember
34%
55 Kif Gets Knocked Up a Notch
34%
27 Mother‘s Day
34%
34 Parasites Lost
34%
95 The Late Philip J. Fry
34%
42 Where the Buggalo Roam
34%
35 A Tale of Two Santas
32%
52 Godfellas
32%
14 I Second that Emotion
32%
20 Put Your Head on My Shoulders
32%
71 Spanish Fry
32%
54 The 30% Iron Chef
32%
69 The Farnsworth Parabox
32%
12 When Aliens Attack
32%
8 A Big Piece of Garbage
31%
60 Bender Should Not Be Allowed on TV
31%
62 Crimes of the Hot
31%
127 Naturama
31%
40 That‘s Lobstertainment!
31%
23 A Clone of My Own
29%
105 Benderama
29%
66 The Sting
29%
22 A Bicyclops Built for Two
27%
32 The Cryonic Woman
27%
70 Three Hundred Big Boys
27%
21 Raging Bender
26%
100 The Mutants Are Revolting
26%
91 Attack of the Killer App
24%
38 Bendless Love
24%
112 Cold Warriors
24%
43 Insane in the Mainframe
24%
37 The Birdbot of Ice-Catraz
24%
39 The Day the Earth Stood Stupid
24%
98 The Prisoner of Benda
24%
46 Time Keeps on Slippin‘
24%
6 A Fishful of Dollars
23%
48 A Leela of Her Own
23%
134 Calculon 2.0
23%
104 Law and Oracle
23%
45 Bendin‘ in the Wind
21%
137 Game of Tones
21%
114 Reincarnation
21%
133 Saturday Morning Fun Pit
21%
96 That Darn Katz!
21%
115 The Bots and the Bees
21%
120 The Butterjunk Effect
21%
102 The Silence of the Clamps
21%
65 Where No Fan Has Gone Before
21%
53 Future Stock
19%
58 Less Than Hero
19%
108 Neutopia
19%
113 Overclockwise
19%
19 The Lesser of Two Evils
19%
44 The Route of All Evil
19%
106 The Tip of the Zoidberg
19%
97 A Clockwork Origin
18%
117 Decision 3012
18%
90 In-A-Gadda-Da-Leela
18%
57 Love and Rocket
18%
93 The Duh-Vinci Code
18%
101 The Futurama Holiday Spectacular
18%
126 Viva Mars Vegas
18%
109 Yo Leela Leela
18%
59 A Taste of Freedom
16%
110 Fry am the Egg Man
16%
122 Fun on a Bun
16%
107 Ghost in the Machines
16%
94 Lethal Inspection
16%
68 Obsoletely Fabulous
16%
92 Proposition Infinity
16%
139 Stench and Stenchibility
16%
116 A Farewell to Arms
15%
49 A Pharaoh to Remember
15%
47 I Dated a Robot
15%
135 Assie Come Home
13%
103 Möbius Dick
13%
41 The Cyber House Rules
13%
119 Zapp Dingbat
13%
129 2-D Blacktop
11%
111 All the Presidents Heads
11%
136 Leela and the Genestalk
11%
118 The Thief of Baghead
11%
99 Lrrreconcilable Ndndifferences
10%
124 Near-Death Wish
10%
125 31st Century Fox
8%
128 Forty Percent Leadbelly
8%
123 Free Will Hunting
8%
131 Fry and Leela‘s Big Fling
6%
130 T.: The Terrestrial
6%
132 The Inhuman Torch
5%
121 The Six Million Dolar Mon
2%
138 Murder on the Plane Express
0%
No matching quizzes found
Score Distribution
Percent of People with Each Score
Percentile by Number Answered
Your Score History
You have not taken this quiz